| 000 | 00479cam a2200193ua 4500 | ||
|---|---|---|---|
| 020 | _c40.00 | ||
| 041 |
_aeng _h |
||
| 082 |
_a537 _bBRI/Te |
||
| 100 | _aBrijlal, S . | ||
| 245 |
_aText book of electricity and magnetism / _cS.Brijlal. _hTextual Documents |
||
| 250 |
_a14 / _b. |
||
| 260 |
_aAgra : _bRatan Prakashan Mandir , _c1985. |
||
| 300 | _a704 ; . | ||
| 365 | _a40.00 | ||
| 504 | _a | ||
| 700 | 1 | _aSubramanyan, N . | |
| 942 | _cBK | ||
| 999 |
_c11096 _d11096 |
||